Computer graphics. / (Record no. 770)

MARC details
000 -LEADER
fixed length control field 01334nam a22001937a 4500
005 - DATE AND TIME OF LATEST TRANSACTION
control field 20210414113930.0
008 - FIXED-LENGTH DATA ELEMENTS--GENERAL INFORMATION
fixed length control field 120425t xxu||||| |||| 00| 0 eng d
020 ## - INTERNATIONAL STANDARD BOOK NUMBER
International Standard Book Number 9789380026176
050 ## - LIBRARY OF CONGRESS CALL NUMBER
Classification number T385.B46
100 ## - MAIN ENTRY--PERSONAL NAME
Personal name Bhatia, Pradeep K.
245 ## - TITLE STATEMENT
Title Computer graphics. /
Statement of responsibility, etc. Pradeep K. Bhatia
250 ## - EDITION STATEMENT
Edition statement 2nd
260 ## - PUBLICATION, DISTRIBUTION, ETC.
Place of publication, distribution, etc. New Delhi:
Name of publisher, distributor, etc. IK International Publishing House Pvt Ltd.,
Date of publication, distribution, etc. 2009.
300 ## - PHYSICAL DESCRIPTION
Extent xiii, 386 p.:
Other physical details ill.;
Dimensions 25cm.
500 ## - GENERAL NOTE
General note Includes index.
505 ## - FORMATTED CONTENTS NOTE
Formatted contents note Contents: Introduction to computer graphics -- Display devices -- Interactive devices -- Sean conversion -- 2-d transformations -- 2-d viewing transformation and clipping -- 3-d transformations -- Projection -- 3-d viewing and clipping -- Hidden lines and hidden surfaces -- Bezier curves and b-splines -- Animation -- Multimedia -- Color models -- Illumination models and shading model -- Appendix 1: Programs in C -- Appendix 2: Mathematics related to computer graphics.
520 ## - SUMMARY, ETC.
Summary, etc. Presents fundamentals of Computer Graphics and its applications. This title helps the reader to understand: how computer hardware interacts with computer graphics; how it draws various objects, namely, line, circle, and hyperbola; how realistic images are formed; how we see pictures move; and, how different colors are generated from visible light.
942 ## - ADDED ENTRY ELEMENTS (KOHA)
Source of classification or shelving scheme Library of Congress Classification
Koha item type Books
Holdings
Withdrawn status Lost status Source of classification or shelving scheme Damaged status Not for loan Home library Current library Shelving location Date acquired Total Checkouts Full call number Barcode Date last seen Copy number Price effective from Koha item type
    Library of Congress Classification     WISCONSIN INTERNATIONAL UNIVERSITY COLLEGE, GHANA - MAIN LIBRARY WISCONSIN INTERNATIONAL UNIVERSITY COLLEGE, GHANA - MAIN LIBRARY General Stacks 25/04/2012   T385.B46 1929/12 25/04/2012 1 25/04/2012 Books

If you have any concerns or questions; kindly contact the library


© Powered by WIUC ICT DIRECTORATE